Score 0/17 Timer 10:00
0 Plays Today
% Correct
Closed Circuit
67.1%
Battery
64.1%
Switch
63.9%
Open Circuit
62.1%
Insulator
59%
Current Electricity
57.2%
Static Electricity
56.9%
Filament
55.6%
Parallel Circuit
52.9%
% Correct
Conductor
50.7%
Electricity
46.1%
Circuit
44.1%
D-Cell
42.8%
Series Circuit
39.9%
Receiver
34.7%
Source
30.7%
Pathway
25.5%
Remove Ads.
Support Sporcle.
Get the best of Sporcle when you Go Orange. This ad-free experience offers more features, more stats, and more fun while also helping to support Sporcle. Thank you for becoming a member.

You're not logged in!

Compare scores with friends on all Sporcle quizzes.
OR
Log In

Show Comments

Extras

Top Quizzes Today


Score Distribution

Your Account Isn't Verified!

In order to create a playlist on Sporcle, you need to verify the email address you used during registration. Go to your Sporcle Settings to finish the process.

Report this User

Report this user for behavior that violates our Community Guidelines.

Details: